000 006180000a22001810004500
003 MACL
005 20160520134815.0
008 160520b xxu||||| |||| 00| 0 eng d
040 _aMACL
_cMACL
041 _aHindi
082 _a891.433
100 _aशकुन, सत्‍य
_94843
245 _aसांप और सीढियां एवं अन्‍य कहानियां
_cसत्‍य शकुन
260 _aदिल्‍ली
_bमेट्रो पब्लिशिंग हाउस
_c2011
350 _a350
650 _aStory
_958484
942 _cHIN
_k891.433/SHA/S
_2ddc
999 _c47185
_d47185